00613nam a2200205 a 4500001001300000003000900013005001700022008004100039020001000080082001800090100001900108245007300127260003400200300000900234500003500243505005100278650003400329650002500363700001900388nice12345678IN_TiNIC20260116011322.0050524s1954 oxfa grp 000 0 eng  ac10000a011.2915bBEE aBeeston, A F L aCatalogue of the Persian, Turkish, Hindustani and Pushtu Manuscripts aOxfordbClarendon Pressc1954 a177p aincludes index and biblioraphy2 aIndices Part 3, Additional Persian Manuscripts aCatalogue-Persian Manuscripts aBodleian Library-Mss1 aBeeston, A F L